000 00289nam a22001337a 4500
008 170202b xxu||||| |||| 00| 0 eng d
020 _a9780867207439
041 _aeng
080 _22ED
_a61
100 _a3
101 _aSHM
245 _aMEDICALTERMINOLOGY
_cSTANFILD.S
942 _2udc
_cBK
999 _c4346
_d4346